00778nam a22002537a 450000500170000001000130001702000100003003500130004003700160005304000120006908200110008110000330009224500560012526000460018127000130022730000200024065000300026065000170029070000100030770000100031794200200032799900190034795201580036620170124110119.0 aA-231854 c00.00 aA-231854 bCen Lib/Ret aDPLbEN aNbWAL aWallach, Anne Tolstoi930288 aWomen's work :cby Anne Tolstoi wallach bA novel / bThe new Americal library aNew Yorkc1981 bNew York a417p.c22cm(Hb) aWomen literature 930289 aNovel922513 930276 930277 2ddccENhNmWAL c130863d130863 04104070aLbLd2015-07-10eCen Lib/Retg0.00l0oN WALpA-231854r2015-07-10 00:00:00t1v0.00w2015-07-10yENzW/d List No. 6858/17 ; dtd 04/08/2020